Reducing Environmental Impact by Use of Alternative Building Materials (Record no. 363134)

MARC details
000 -LEADER
fixed length control field 00376nam a2200121Ia 4500
008 - FIXED-LENGTH DATA ELEMENTS--GENERAL INFORMATION
fixed length control field 250110s9999 xx 000 0 und d
041 ## - LANGUAGE CODE
Language code of text/sound track or separate title eng
100 ## - MAIN ENTRY--PERSONAL NAME
Personal name Goswami Ragini
9 (RLIN) 182272
245 ## - TITLE STATEMENT
Title Reducing Environmental Impact by Use of Alternative Building Materials
260 ## - PUBLICATION, DISTRIBUTION, ETC. (IMPRINT)
Name of publisher, distributor, etc. M.Arch Environmental, Pune
Date of publication, distribution, etc. 2012
300 ## - PHYSICAL DESCRIPTION
Extent 98p
700 ## - ADDED ENTRY--PERSONAL NAME
Personal name Guide Name:Gujrathi Anshul
9 (RLIN) 209942
Holdings
Withdrawn status Lost status Damaged status Not for loan Home library Current library Date acquired Total Checkouts Barcode Date last seen Bill Date Koha item type Original Barcode
        Dr. Bhanuben Nanavati College of Architecture Dr. Bhanuben Nanavati College of Architecture 02/05/2012   BNCA-PR-634 10/01/2025 10/01/2025 Project Reports PR0634